| 000 | 00558nam a22001697a 4500 | ||
|---|---|---|---|
| 003 | NUST | ||
| 038 | _aNusrat Nadeem | ||
| 082 | _a200 | ||
| 100 |
_aJAMSHED, SHAMOON _9124354 |
||
| 245 |
_aNUMERICAL ANALYSIS OF HEAT TRANSFER FLOW IN VARIOUS TEXTURED TUBES AND SURFACES/ _cSHAMOON JAMSHED, |
||
| 264 |
_aKarachi; _bPNEC NUST; _c2019 |
||
| 300 |
_a183,p; _bill; _c30,cm. |
||
| 650 |
_aPhD-Mechanical Engineering _984150 |
||
| 700 |
_a Dr. Shafiq-ur-Rehman Qureshi _929678 |
||
| 856 | _uhttp://10.250.8.41:8080/xmlui/handle/123456789/34769 | ||
| 942 |
_2ddc _cSC |
||
| 999 |
_c610239 _d610239 |
||